000 00520nam a2200193 a 4500
001 1768888605149
003 YourLibrary
005 20260120141445.0
008 260120s2009##################000#0#eng##
020 _a9780202363325
082 0 4 _a303.4824
_bBAK
100 1 _aBaker, Derek,
_eauthor.
245 1 0 _aRelations Between East and West in the Middle Ages :
260 _bAldine De Gruyter,
_c2009.
300 _a156 pages
650 0 _aHistory.
942 _cENGLISH
040 _aYourLibrary
_beng
_cYourLibrary
999 _c608628
_d608628